Hypotéky v Európe

Gespeichert in:
Bibliographische Detailangaben
1. Verfasser: Múčková, Viktória
Format: Buch
Sprache:Slowakisch
Veröffentlicht: Bratislava Inštitút menových a finančných štúdií NBS 2000
Schlagworte:
Tags: Tag hinzufügen
Keine Tags, Fügen Sie das erste Tag hinzu!

MARC

LEADER 00000nam a2200000 4500
001 c124621
005 20221108093149.6
041 0 |a slo 
044 |a SK 
245 1 0 |a Hypotéky v Európe  |c Viktória Múčková 
264 1 |a Bratislava  |b Inštitút menových a finančných štúdií NBS  |c 2000 
300 |a 54 s. 
610 2 0 |a hypotéky 
610 2 0 |a úver hypotekárny 
610 2 0 |a trh hypotekárny 
610 2 0 |a veritelia 
610 2 0 |a produkty 
610 2 0 |a riziko 
610 2 0 |a náklady 
610 2 0 |a obchody úverové 
610 2 0 |a právo medzinárodné 
610 2 0 |a listy záložné 
610 2 0 |a porovnanie medzinárodné 
610 2 0 |a Dánsko 
610 2 0 |a Nemecko 
610 2 0 |a Európa 
610 2 0 |a Európska únia 
610 2 0 |a NBS Bratislava 
100 1 |a Múčková, Viktória